Russia and the information revolution (Record no. 192434)
[ view plain ]
| 000 -LEADER | |
|---|---|
| fixed length control field | 01638nam a2200373 a 4500 |
| 082 04 - DEWEY DECIMAL CLASSIFICATION NUMBER | |
| Classification number | 303.48/330947 |
| 100 1# - MAIN ENTRY--AUTHOR NAME | |
| Personal name | Peterson, D. J. |
| 245 10 - TITLE STATEMENT | |
| Title | Russia and the information revolution |
| 260 ## - PUBLICATION, DISTRIBUTION, ETC. (IMPRINT) | |
| Place of publication | Santa Monica, CA : |
| Name of publisher | RAND Corporation, |
| Year of publication | 2005. |
| 300 ## - PHYSICAL DESCRIPTION | |
| Number of Pages | xx, 118 p. : |
| Other physical details | ill. |
| 500 ## - GENERAL NOTE | |
| General note | "MG-422-CC"--P. 4 of cover. |
| 505 0# - FORMATTED CONTENTS NOTE | |
| Formatted contents note | Introduction -- The IT sector -- IT in business and industry -- IT in government -- IT in society -- Key findings and prospects for the future. |
| 650 #0 - SUBJECT ADDED ENTRY--TOPICAL TERM | |
| Topical Term | Information society |
| Topical Term | Information technology |
| Topical Term | Information technology |
| Topical Term | Information technology |
| 856 40 - ELECTRONIC LOCATION AND ACCESS | |
| Uniform Resource Identifier | http://site.ebrary.com/lib/rucke/Doc?id=10152596 |
No items available.
